Normal view
MARC view
- نادر، موسى
Entry Personal Name
001 - CONTROL NUMBER
- control field: 19132
003 - CONTROL NUMBER IDENTIFIER
- control field: JO-AjAnu
005 - DATE AND TIME OF LATEST TRANSACTION
- control field: 20230606073340.0
008 - FIXED-LENGTH DATA ELEMENTS
- fixed length control field: 230606|| aca||aabn | a|a d
040 ## - CATALOGING SOURCE
- Original cataloging agency: JO-AjAnu
- Transcribing agency: JO-AjAnu
100 ## - HEADING--PERSONAL NAME
- Personal name: نادر، موسى
670 ## - SOURCE DATA FOUND
- Source citation: Work cat.: (JO-AjAnu)9819: نادر، موسى, author, الألغاز الرياضية : تمارين رياضية مسلية ومفيدة